| 000 | 00539nam a2200181Ia 4500 | ||
|---|---|---|---|
| 005 | 20250423101717.0 | ||
| 008 | 250422s9999 xx 000 0 und d | ||
| 020 | _a9780553590340 | ||
| 050 | _aL1 238 .B39/ | ||
| 100 | _aBaxter, Cynthia | ||
| 245 | 0 | _aWho’s kitten who? : a reigning cats & dogs mystery | |
| 260 | _aNew York | ||
| 260 | _bBantam Books | ||
| 260 | _c2007 | ||
| 300 | _a336 p | ||
| 650 | _aWomen veterinarians --Fiction. Dramatists --Crimes against --Fiction. Popper, Jessica (Fictitious character) | ||
| 942 | _cBK | ||
| 999 |
_c37049 _d37049 |
||